000 00222nam a22000857a 4500
008 170601b xxu||||| |||| 00| 0 eng d
100 _93186
_aSinha. S
245 _aA Pineh of salt rocks an empire
260 _aNew Delhi
_bCBT
_c2004
999 _c6489
_d6489